Diccionari Aguiló /
Descripción Física:
v. ; 24 cm
Materias:
Català -- Diccionaris
MARC
| LEADER | 00000nam a2200000Ia 4500 | ||
|---|---|---|---|
| 001 | 7876 | ||
| 003 | BGR | ||
| 005 | 20260324175209.0 | ||
| 008 | 160829s1931 xx 000 0 cat d | ||
| 080 | |a L-1-286 | ||
| 100 | |a Aguiló, Marià |9 19705 | ||
| 245 | |a Diccionari Aguiló / |c materials lexicogràfics aplegats per Marian Aguiló i Fuster ; revisats i publicats sota la cura de Pompeu Fabra i Manuel de Montoliu | ||
| 260 | |a Barcelona : |b Institució Patxot, |c 1931 | ||
| 300 | |a v. ; |c 24 cm | ||
| 650 | |a Català |x Diccionaris |9 25552 | ||
| 700 | 1 | |a Fabra, Pompeu, |d 1868-1948 |e editor literari |9 1034 | |
| 700 | |a Montoliu, Manuel de, ed. |9 19708 |e editor literari | ||
| 710 | 2 | |a Institut d'Estudis Catalans |9 52284 | |
| 710 | 2 | |a Institució Patxot |9 71069 | |
| 866 | |a vbcrlfTom VII : Lletres R i S. |x Abans del títol: Institut d'Estudis Catalans. Biblioteca Filològica. |x R. 7876. |x L-1-286 | ||
| 901 | |a Arxiu | ||
| 942 | |n 1 |2 udc |c MON | ||
| 952 | |0 0 |1 0 |4 0 |6 L1286 |7 1 |9 41310 |a Arxiu |b Arxiu |d 2016-12-01 |l 0 |o L-1-286 |p 7876 |r 2016-12-01 00:00:00 |w 2016-12-01 |y ARXIU | ||
| 999 | |c 43093 |d 43093 | ||